| 000 | 00000nas 2200000zi 4500 |
| 001 | 9.940413 |
| 003 | CaOODSP |
| 005 | 20250825145941 |
| 006 | m o d f |
| 007 | cr ||||||||||| |
| 008 | 240710c20229999onc x m o f0###a0eng|d |
| 022 | |a2818-1247 |
| 040 | |aCaOODSP|beng|erda|cCaOODSP |
| 043 | |an-cn--- |
| 086 | 1 |aCS14-28-0001E-PDF |
| 245 | 00|aQuality of employment in Canada. |
| 264 | 1|aOttawa : |bStatistics Canada = Statistique Canada, |c2022- |
| 310 | |aIrregular |
| 336 | |atext|btxt|2rdacontent |
| 337 | |acomputer|bc|2rdamedia |
| 338 | |aonline resource|bcr|2rdacarrier |
| 362 | 1 |aBegan with : #1. |
| 500 | |aIssued also in French under title: Qualité de l'emploi au Canada. |
| 520 | 2 |aStatistics Canada's Quality of Employment in Canada publication is intended to provide Canadians and Canadian organizations with a better understanding of quality of employment using an internationally-supported statistical framework. Quality of employment is approached as a multidimensional concept, characterized by different elements, which relate to human needs in various ways. To cover all relevant aspects, the framework identified seven dimensions and twelve sub-dimensions of quality of employment.|uhttps://www150.statcan.gc.ca/n1/en/catalogue/14280001 |
| 650 | 0|aLabor market|zCanada|vStatistics. |
| 650 | 0|aQuality of work life|zCanada|vStatistics. |
| 710 | 2 |aStatistics Canada, |eissuing body. |
| 775 | 08|tQualité de l'emploi au Canada.|w(CaOODSP)9.940414 |
| 856 | 4 |qHTML|sN/A|uhttps://www150.statcan.gc.ca/n1/en/catalogue/14280001 |